| 000 | 01039naa a22003017a 4500 | ||
|---|---|---|---|
| 001 | BR8107206 | ||
| 003 | BR-BrBNA | ||
| 005 | 20240918175049.0 | ||
| 007 | ta | ||
| 008 | 230509b bl.||||| |||| 00| 0 por d | ||
| 040 |
_aBR-BrBNA _bpor _cBiblioteca Nacional de Agricultura |
||
| 041 | _a(Pt) | ||
| 072 |
_aE50; P10 _b/G514 |
||
| 090 | _aE50 BR8107206 | ||
| 100 | 1 | _aBarreto, G.B. | |
| 245 | 1 | _aNocoes de saneamento rural [rede de esgoto, tratamento da agua, drenagem, Brasil] | |
| 260 | 3 |
_aCampinas, SP (Brasil): _c1981. |
|
| 500 | _aCurso de suinocultura Campinas, SP (Brasil): 1981. p. 297-351 (BR8107206-AM)E50 | ||
| 650 | _aDRENAGEM | ||
| 650 | _aREDE DE ESGOTO | ||
| 650 | _aSANEAMENTO RURAL | ||
| 650 | _aSAUDE | ||
| 650 | _aTRATAMENTO DA AGUA | ||
| 650 | _aDRENO | ||
| 773 | 0 |
_tCurso de suinocultura _aBarreto, G.B. - Instituto Campineiro de Ensino Agrícola, Campinas, SP (Brasil) _b5. ed. _w5300 BR2018002532 _gCampinas, SP (Brasil), 1973. _q295 p. |
|
| 909 |
_a202404 _bLucia _c55 _dLucia Elande |
||
| 942 |
_cAM _2AGRIS |
||
| 999 |
_c314799 _d314799 |
||